00713nam a2200241 a 4500001001300000003000900013005001700022008004100039020002300080082001300103100002600116245003400142260004300176300001000219500003500229505001000264650001300274700002600287902000800313942000700321952012600328999001700454nice12345678IN_TiNIC20260116014100.0140525s2009 oxfa grp 000 0 eng  a9781851685387c22500a294bKLO aKlostermaier, Klaus K aHinduismb A Beginner`s Guide aOxford bOne World Publications c2009 a216p  aincludes index and biblioraphy2 aindex aHinduism1 aKlostermaier, Klaus K bSRS cBK 001040708StackRoom-aHMIbHMId2014-05-25g225.00l1o294 KLOp024550r2016-07-28s2016-07-26v225.00w2014-05-25yBK c13793d13793